01550nam a22003857a 4500003000500000005001700005008004100022010001000063011001000073035001000083040000900093090001000102100004100112245011000153260004000263300002200303502008900325590003700414590004100451590004100492590004100533590004100574590004200615650001800657650004400675650004500719650003600764901000700800942000900807949003600816949004100852999001700893952012600910952012801036CHAP20220329140532.0971013s1982 r 00010 d a53524 a54496 a58647 cCHAP aTesis00aRubio Torres, J. Candelario.9100498 aEvaluación in-vitro del bagazo y la punta de caña como ingredientes de dieta completas para rumiantes aChapingo, Méx. :bEl autor,c1982 a82 h.b; gráfs. aTesis (M. C. Esp. en Ganadería) -- Colegio de Postgraduados. Centro de Ganadería aALEPHb10c20130110lUCH01h1331 aBATCH-UPDb10c20130110lUCH01h0638 aBATCH-UPDb10c20130410lUCH01h0322 aBATCH-UPDb10c20130914lUCH01h0520 aBATCH-UPDb10c20130914lUCH01h2103 aCONVERSIONb10c20130109lUCH01h132914aBagazo.9939514aCaña de azúcar como forraje.91867314aCaña de azúcarxSubproductos.91864814aRumiantesxNutrición.9100847 aBK cFOLL bBCcTESd-127216eTS1i58647si bBCcTESd-127217eTS2fc.2i58647si c53524d53524 00102local4053708TESISaBCbBCcPA_TESISd2012-12-17fTESISl0p-127217r2019-12-31 00:00:00tc.2w2019-12-31yTESIS 00102local4051718TESISaBCbBCcPA_TESISd2012-12-17fTESISl0oTesisp-127216r2019-12-31 00:00:00w2019-12-31yTESIS